000 00851nam a2200253Ia 4500
003 OSt
005 20220926022551.0
006 a|||||r|||| 00| 0
007 ta
008 220923b |||||||| |||| 00| 0 eng d
037 _cGeneral Book
040 _aRTL
_cRTL
_beng
041 _2eng
_aeng
082 _aX622.4,hN66, K5/GD
110 _aUnited Nations Economic Commission for Asiaamd the far east
_9327998
245 0 _aRegional economic co-operation in Asia and the far
260 _aNew York
_bUnited Nations USA
_c1965
300 _a137p
_ccm.
490 _aUnited Nations regional economic co-operation series.2
650 _aFederal Reserve Banks
700 _aUnited Nations Economic Commission for Asiaamd the far east
_9327999
942 _hX622.4,hN66, K5/GD
_cGB
_2CC
999 _c639785
_d639785